| 000 | 00640nam a2200217 a 4500 | ||
|---|---|---|---|
| 005 | 20210219153247.0 | ||
| 008 | 991125n 000 0 u | ||
| 035 | _aUPN01000086701 | ||
| 100 | _aLewis, Theodore | ||
| 222 | _aJOURNAL OF INDUSTRIAL TEACHER EDUCATION | ||
| 245 | _aMain currents in teacher education : imperatives for technology teacher education | ||
| 300 | _a25-52 | ||
| 362 | _a29, No. 1, 1991 | ||
| 505 | _aJunio 1992 | ||
| 653 | 0 | _aDESARROLLO PROFESIONAL | |
| 653 | 0 | _aFORMACION DE MAESTROS | |
| 653 | 0 | _aPOLITICAS DE EDUCACION | |
| 653 | 0 | _aTENDENCIAS EDUCTIVAS | |
| 904 |
_aAC _b024512 |
||
| 905 | _aArticulo | ||
| 999 |
_c72371 _d72371 |
||